000 00614cam a22002053a 4500
001 45361
003 PGUSA
005 20140828084040.0
008 140411s2014||||xxu|||||s|||||000 | eng d
040 _aPGUSA
_beng
042 _adc
245 1 0 _aAppletons' Popular Science Monthly, July 1899 :
_bVolume LV, No. 3, July 1899
_h[electronic resource] /
_cVarious
260 _bProject Gutenberg,
_c2014
506 _aPublic domain in the USA.
516 _aElectronic text
700 1 _aYoumans, William Jay
830 0 _aProject Gutenberg
_v45361
856 4 0 _uhttp://www.gutenberg.org/ebooks/45361
942 _cEB
999 _c274612
_d274612